000 00306nam a2200133 i 4500
001 bg
100 1 _aKOSCHARE, E.
245 0 _aMałe oczyszczalnie ścieków /
_cE. Koschare.
260 _aWarszawa,
_c1970.
040 _cBPK
041 _apol
942 _cKS
008 s pl f |000 0 pol
999 _c10409
_d10409
856 _uhttp://koha.tu.koszalin.pl/cgi-bin/koha/opac-detail.pl?biblionumber=10409
_yKatalog online BPK